Boletín de la guerra del Pacífico: 1879-1881
Uloženo v:
| Médium: | Kniha |
|---|---|
| Jazyk: | španělština |
| Vydáno: |
Santiago
Andrés Bello
1979
|
| Témata: | |
| Tagy: |
Přidat tag
Žádné tagy, Buďte první, kdo vytvoří štítek k tomuto záznamu!
|
MARC
| LEADER | 00000nam a2200000 a 4500 | ||
|---|---|---|---|
| 001 | UCS2798 | ||
| 003 | CL-VaPUC | ||
| 008 | 970606e19790000CL |||||||||||||||||spa|d | ||
| 082 | 0 | 4 | |a 983.061 |b BOL |2 21 |
| 245 | 1 | 0 | |a Boletín de la guerra del Pacífico: 1879-1881 |
| 300 | |a 1205 p | ||
| 942 | |c BK | ||
| 945 | |d 19970606 00:00:00 |a lriquelm | ||
| 260 | |a Santiago |b Andrés Bello |c 1979 | ||
| 650 | 0 | |a Guerra |9 255876 | |
| 650 | 0 | |a Guerra del Pacífico |9 314886 | |
| 650 | 0 | |a Conflicto internacional |9 341259 | |
| 650 | 7 | |a PUBLICACIONES PERIODICAS |2 CL-VaPUC |9 335089 | |
| 650 | 0 | |a Prensa |9 258117 | |
| 650 | 0 | |a Cronología |9 268356 | |
| 651 | 7 | |a CHILE |2 CL-VaPUC |9 388632 | |
| 651 | 0 | |a Perú |9 256567 | |
| 651 | 0 | |a Bolivia |9 255454 | |
| 583 | |a last modification |c 19970606 00:00:00 |k Rodrigo Vera | ||
| 999 | |c 260729 |d 260727 | ||
| 952 | |0 0 |1 0 |4 0 |6 983_061000000000000_BOL_1979 |7 0 |8 P |9 287029 |a BIBDER |b BIBDER |d 2019-11-19 |i 1864912 |o 983.061 BOL 1979 |p 1864912 |r 2023-01-25 |w 2019-11-19 |y BK |k DER | ||
| 952 | |0 0 |1 0 |4 0 |6 983_061000000000000_BOL_1979 |7 0 |8 P |9 287030 |a BIBDER |b BIBDER |d 2019-11-19 |i 1864920 |o 983.061 BOL 1979 |p 1864920 |r 2023-01-25 |w 2019-11-19 |y BK |k DER | ||